[Event "World Cup ACP 4th"]
[Site "Odessa"]
[Date "2010.05.27"]
[Round "1.1"]
[White "Karjakin, Sergey"]
[Black "Drozdovskij, Yuri"]
[Result "1-0"]
[WhiteElo "2739"]
[BlackElo "2625"]
[Annotator "Minzer,C"]
[PlyCount "81"]
[EventDate "2010.05.27"]
[EventType "k.o. (rapid)"]
[EventRounds "4"]
[EventCountry "UKR"]
[SourceTitle "CBM 136 Extra"]
[Source "ChessBase"]
[SourceDate "2010.07.02"]
[SourceVersion "2"]
[SourceVersionDate "2010.07.15"]
[SourceQuality "1"]

{Partida de corte posicional del jóven Sergey Karjakin demostrando la
importancia de la mayoría en el flanco dama. El primer match eliminatorio ante
su compatriota Drozdovskij lo ganaría Karjakin por 3-1, para imponerse en el
torneo luego de eliminar sucesivamente a Shirov (3-2), Grischuk (2,5-1,5) y
Jakovenko (3,5 - 2,5).} 1. e4 e6 2. d4 d5 3. Nc3 dxe4 4. Nxe4 Nd7 {Diagrama #
Las negras juegan la sólida variante Rubinstein. Vemos que en los matches la
estrategia de plantear una línea ultra-sólida al estilo Defensa Petrov,
Variante Berlinesa o la presente Francesa está de moda.} 5. Nf3 Ngf6 6. Bd3 {
En otras ocasiones Karjakin prefirió la captura en f6 o la clavada con 6.Ag5.}
c5 (6... Nxe4) (6... Be7) 7. O-O Nxe4 8. Bxe4 Nf6 9. Bg5 cxd4 10. Nxd4 {
Diagrama #} Be7 ({En caso de} 10... Bc5 11. Nb3 $1 (11. c3 h6 $5 12. Bxf6 $5
Qxf6 13. Qa4+ Bd7 14. Qc4 Bxd4 15. cxd4 Rc8 16. Qb4 $36 {Rublevsky,
S-Christiansen,L/WchT 4th 1997}) 11... Bd6 12. Bxf6 gxf6 13. Qh5 {la dama
molesta en h5 mientras libera la casilla d1 para una torre} f5 14. Bf3 $1 ({
no es suficiente} 14. Bxf5 $2 exf5 15. Rfe1+ Be7 16. Re3 ({aunque se debió
probar} 16. Rad1 Qb6 17. Nd4 Qf6 (17... Qg6 $6 18. Qe2 $44) 18. Nb5 O-O $8 19.
Nc7 Be6 20. Nxa8 Rxa8 21. c3 $15) 16... f4 17. Re4 O-O $17 {Morozevich,
A-Zakharevich,I/RUS-Cup9 1997}) 14... Qc7 15. Rad1 Be5 16. c3 Bd7 17. Bxb7 $1 {
Antes que las negras puedan enrocarse largo} (17. Rfe1 O-O-O 18. Qxf7 Bxh2+ 19.
Kh1 $14) 17... Rb8 (17... Qxb7 $2 18. Nc5 $18) 18. Bf3 {con ventaja de las
blancas.}) (10... h6 $6 11. Bxf6 Qxf6 12. Qd3 a6 13. Rad1 Bc5 (13... Be7 14.
Nc6 $14) 14. Nb3 Ba7 15. Na5 $16) 11. Bf3 $1 {Importante mantener este alfil
que "mira" el flanco dama negro.} ({Después de} 11. Bd3 O-O 12. c3 Qd5 $1 13.
Nf3 Rd8 14. Bc2 Qxd1 15. Raxd1 Bd7 {igualando, partida Pandavos,P-Ellison,D/
Balatonbereny op 1992}) 11... O-O (11... a6 12. Re1 O-O 13. c3 Qa5 14. Bf4 (14.
Bh4 $5) 14... Rd8 15. Qe2 Nd5 16. Bg3 Bf6 17. Nb3 Qb6 18. Rad1 $14 {Buckan,
J-Poulsen,M/Kiel 2003}) 12. Qd3 {Diagrama # Las blancas tienen otras
alternativas, de ellas, las más serias parecen ser 12.a4 o 12.Te1.} Qb6 {
El negro debe resolver el desarrollo del flanco dama.} ({Con la misma
intención también se ha jugado} 12... Qc7 13. Rfe1 Rd8 14. Rad1 a6 15. c3 Bd7
16. Qe2 ({mejor} 16. Bh4 $5 Be8 17. Bg3 Qb6 18. Qe2 $14) 16... Bd6 ({las
negras simplificaban el juego con} 16... Ng4 $1 17. Bxg4 Bxg5 $11) 17. g3 Rab8
18. Bg2 Be8 19. Rd3 $1 Rd7 $2 20. Bxf6 gxf6 21. Qg4+ Kh8 22. Qh4 Qd8 23. Bc6 (
23. Qh6 $1 $18 {con idea de Ae4}) 23... bxc6 24. Nxc6 Be7 $8 25. Rde3 $1 Qb6
26. Nxe7 Kg7 27. Rf3 {1-0 Najer,E-Relange,E/Ohrid 2009}) 13. Rad1 $5 $146 {
Una mejora.} ({Se había jugado} 13. Nb3 $143 Qc7 14. Rfd1 Rd8 15. Bf4 $4 (15.
Qb5) 15... e5 $19 16. Bxe5 Qxe5 17. Qxd8+ Bxd8 18. Rxd8+ Ne8 19. Kf1 Qe7 20.
Rad1 g6 {0-1 Guidarelli,L-Pelletier,Y/Mulhouse FRA 2010}) ({Pero no} 13. Rfd1
Rd8 14. Be3 e5 $1 15. Nf5 Bxf5 16. Qxf5 Qxb2 $15) 13... Rd8 ({En caso de
capturar en b2} 13... Qxb2 14. Rb1 Qa3 $8 (14... Qxa2 $4 15. Ra1 Qb2 16. Rfb1
$18) 15. Qxa3 Bxa3 16. Nb5 {recuperando el peón, el juego de las blancas es
más activo.} (16. Bxf6 gxf6 17. Nb5 Be7 (17... Bc5 $2 18. Nc7 Rb8 19. Na6 $18)
18. Nc7 Rb8 19. Na6 $11) 16... Be7 17. Nc7 (17. Be3 Ne8 18. Nxa7 Nd6 19. Bc5)
17... Rb8 18. Na6 (18. Be3 $6 b6 $1) 18... Ra8 19. Rfd1 $1 $14 {las negras
tienen una posición, por lo menos, incomoda.}) 14. Be3 Qa5 (14... e5 15. Nf5
Bxf5 (15... Rxd3 16. Nxe7+ Kf8 17. Bxb6 Rxd1 18. Rxd1 axb6 19. Nxc8 Rxc8 20. c3
$14 {/+/-}) 16. Qxf5 Qxb2 17. Rb1 $1 {la diferencia con 13.Tfd1} Qxa2 18. Bxb7
Rab8 19. Qxe5 $14) 15. Qb5 {Diagrama # El juego de las blancas está dirigido
al flanco dama contrario. Sin duda Karjakin confía en la posición ya que
repetiría en la tercer partida del match como veremos a continaución.} Qc7 16.
Qb3 a6 $2 ({En la tercera partida de este match, Drozdovskij jugó} 16... Bd7 {
mejorando} 17. c4 e5 18. Nb5 Bxb5 19. cxb5 $14 {pero nuevamente triunfó la
iniciativa sobre el flanco dama} e4 20. b6 Qe5 21. Be2 a6 22. g3 Bc5 23. Bxc5
Qxc5 24. Rc1 Qe7 $2 (24... Qd5 $142 25. Rc7 $1 $14) 25. Rc7 Rd7 26. Rfc1 $16
Rad8 27. Rxd7 Rxd7 28. Bxa6 $1 h5 (28... bxa6 29. b7 Rxb7 30. Rc8+ Ne8 31. Qxb7
$18) 29. Bb5 Rd6 30. Rc7 Nd7 31. Rxb7 h4 {1-0 Karjakin,S-Drozdovskij,Y/Odessa
UKR 2010}) 17. Nf5 ({También} 17. Nc6 $1 {llevaba a la misma posición pero
evitando 17...exf5.}) 17... Rxd1 ({El mal menor era} 17... exf5 18. Bb6 Qb8 19.
Bxd8 Be6 $8 20. Qxb7 Qxb7 21. Bxb7 Rxd8 22. Rxd8+ Bxd8 23. Rd1 Bc7 24. Bxa6 $16
{con tres peligrosos peones en el flanco dama.}) 18. Nxe7+ Qxe7 19. Rxd1 $16 {
Diagrama # Posición óptima para las blancas, todas sus piezas activas
molestando el normal desarrollo contrario.} h6 ({O} 19... Nd5 20. Bxd5 ({
aunque las blancas deberían conservar sus ventajas con} 20. Bd4 {seguido de
c2-c4}) 20... exd5 21. Qxd5 Be6 {intentando la salvación debido a los alfiles
de distinto color.}) 20. c4 e5 21. Qb6 Bg4 {Ya no hay forma de sostener la
posición, la presión de las blancas es notoria.} 22. Bxg4 Nxg4 23. Bc5 Qe6 (
23... Qh4 24. h3 Nf6 25. Qxb7 $18) 24. Qxb7 $18 {Con la caída del peón la
mayoría en el flanco dama se acelera.} Rc8 (24... Re8 25. b3 $18) 25. b4 e4 26.
h3 Ne5 27. Qxe4 Nxc4 28. Qxe6 fxe6 {Diagrama # Un final sin esperanzas para
las negras.} 29. Rd4 Na3 30. Rd7 {El punto g7 también es objetivo.} Nc2 ({O} 
30... a5 31. Bd4 axb4 32. Rxg7+ Kf8 33. Rb7 Rc4 $140 34. Rxb4 Rxb4 35. Bc5+ {
ganando inmediatamente.}) 31. Ra7 Rc6 32. a4 e5 33. a5 $1 {Con idea de Tb7-b6,
el caballo negro ha quedado fuera en la batalla por el peón de a6.} Kh7 34. Rb7
Nd4 35. Rb6 Rc8 (35... Rxb6 36. axb6 Nc6 37. b7 $18) 36. Rxa6 {Dos peones ya
es demasiado, las negras siguieron un poco más.} Nb3 37. Be3 Rb8 38. Rb6 Ra8
39. a6 Na1 40. b5 Nc2 41. Bc5 1-0

[Event "World Cup ACP 4th"]
[Site "Odessa"]
[Date "2010.05.29"]
[Round "4.1"]
[White "Jakovenko, Dmitrij"]
[Black "Karjakin, Sergey"]
[Result "1/2-1/2"]
[WhiteElo "2725"]
[BlackElo "2739"]
[PlyCount "104"]
[EventDate "2010.05.27"]
[EventType "k.o. (rapid)"]
[EventRounds "4"]
[EventCountry "UKR"]
[SourceTitle "CBM 136 Extra"]
[Source "ChessBase"]
[SourceDate "2010.07.02"]
[SourceVersion "2"]
[SourceVersionDate "2010.07.15"]
[SourceQuality "1"]

1. d4 Nf6 2. c4 e6 3. g3 d5 4. Bg2 Be7 5. Nf3 O-O 6. O-O dxc4 7. Qc2 a6 8. a4
Bd7 9. Qxc4 Bc6 10. Bg5 Bd5 11. Qd3 c5 12. Nc3 Bc6 13. Rfd1 cxd4 14. Nxd4 Bxg2
15. Bxf6 Bxf6 16. Kxg2 Nc6 17. Nxc6 bxc6 18. Qc4 Qb6 19. Ne4 Qxb2 20. Rab1 Qe5
21. Rb6 a5 22. Rxc6 Be7 23. Rd7 Bb4 24. Rcc7 h6 25. Qd3 Rac8 26. Ra7 Rc1 27.
Qf3 Qf5 28. Qxf5 exf5 29. Nd6 Bxd6 30. Rxd6 Rc5 31. Rda6 f4 32. Rxa5 Rxa5 33.
Rxa5 fxg3 34. hxg3 Rc8 35. Ra7 Rc2 36. Kf3 Ra2 37. a5 h5 38. a6 g5 39. Ra8+ Kg7
40. a7 Ra4 41. e4 Ra3+ 42. Kg2 Ra2 43. Kh3 f6 44. Kg2 Kh7 45. Kf1 Ra1+ 46. Ke2
Ra2+ 47. Ke3 Ra3+ 48. Kd4 Kg7 49. e5 fxe5+ 50. Kxe5 h4 51. Kf5 hxg3 52. fxg3
Ra5+ 1/2-1/2

[Event "Olympiad-39"]
[Site "Khanty-Mansiysk"]
[Date "2010.09.29"]
[Round "8.3"]
[White "Karjakin, Sergey"]
[Black "Eljanov, Pavel"]
[Result "1-0"]
[WhiteElo "2747"]
[BlackElo "2761"]
[Annotator "Ftacnik,L"]
[PlyCount "67"]
[EventDate "2010.09.21"]
[EventType "team-swiss"]
[EventRounds "11"]
[EventCountry "RUS"]
[SourceTitle "CBM 139"]
[Source "ChessBase"]
[SourceDate "2010.11.18"]
[SourceVersion "1"]
[SourceVersionDate "2010.11.18"]
[SourceQuality "1"]
[WhiteTeam "Russia"]
[BlackTeam "Ukraine"]
[WhiteTeamCountry "RUS"]
[BlackTeamCountry "UKR"]

1. e4 c6 2. d4 d5 3. e5 Bf5 {The strategically very sound bishop move often
leads to sharp complications, since it is missing in the defence of the
queenside.} 4. Nf3 e6 5. Be2 c5 6. Be3 Qb6 7. Nc3 Qxb2 8. Qb1 $1 {Karjakin has
changed federations from Ukraine to Russia and even moved to Moscow. His
brilliant result has seriously helped Russia to Olympic silver, the stakes in
the duel with gold winning Ukraine were naturally very high. The swap of the
queens is the best solution.} (8. Nb5 $5 {White has yet another move, that may
aspire to punish the opponent for the very dangerous line.} Bxc2 $5 (8... c4 9.
Rb1 $1 (9. Nc7+ Kd7 10. Nxa8 Bxc2 11. Qc1 Bb4+ (11... Qxc1+ 12. Rxc1 Ba4 13.
Rb1 Kc8 14. Bd2 Nc6 15. Bd1 Bxd1 16. Kxd1 Nh6 17. Kc2 Be7 18. Rb5 Rd8 19. h3
Rd7 20. Nb6+ axb6 21. Rxb6 Nxd4+ 22. Nxd4 Bc5 23. Rxe6 fxe6 24. Nxe6 Bxf2 {
1/2-1/2 Sikula,V (2412)-Nemeth,M (2375)/Hungary 2005 (32)}) 12. Nd2 (12. Kf1
Bc3 13. Qxb2 Bxb2 14. Rc1 (14. Re1 Nc6 15. Bd1 Bd3+ 16. Be2 Bg6 17. h4 h5 18.
Bc1 Bc3 19. Bd2 Bxd2 20. Nxd2 Nge7 {0-1 Hasangatin,R (2400)-Bayev,A (2335)/
Moscow 1996 (36)}) 14... Nc6 15. Bd1 Bd3+ 16. Be2 Bg6 17. Nh4 Kc8 18. Nxg6 hxg6
19. Rd1 Kb8 20. g4 Kxa8 21. Kg2 Nge7 {0-1 Bogachkov,I (2345)-Bayev,A (2409)/
Novosibirsk 1999 (46)}) 12... Bc3 13. O-O Bg6 14. Bxc4 dxc4 15. Nxc4 Qb4 16.
Bd2 Qxc4 17. Bxc3 Ne7 18. Qa3 Qa6 19. Ba5 Rc8 20. Rac1 Bc2 21. Rfd1 Nd5 22. Rd2
Rc3 23. Qf8 Qxa5 24. Qd6+ Kc8 25. Rdxc2 Rxc2 26. Rxc2+ {1-0 Egorov,E (2411)
-Baev,A/Novokuznetsk 1999 (38)}) 9... Qxc2 10. Qxc2 Bxc2 11. Rb2 Ba4 12. Nc7+
Kd7 13. Nxa8 Kc8 14. Bd1 Bc6 (14... Ba3 15. Rb1 Bc6 16. Ng5 Nh6 17. Bc2 Na6 18.
Bd2 Kb8 19. Nb6 axb6 20. Nxh7 Nc7 {0-1 Huschenbeth,N (2457)-Lenic,L (2592)/
Chur 2010 (41)}) 15. a4 Ba3 16. Rb1 Nd7 17. a5 Be7 18. Bg5 h6 19. Bd2 Kb8 20.
Nb6 axb6 21. axb6 Bd8 22. Ba5 Ne7 23. Bc2 Nc8 24. O-O Bxb6 25. Bd2 Na7 {
0-1 Qin Kanying (2375)-Karpov,A (2735)/Beijing 1998 (48)}) (8... Na6 9. dxc5
Qxc2 (9... Nh6 {Zoric-Bogumil/Bela Crkva/1990/} 10. Bd4 Qb4+ (10... Qxc2 11.
Nd6+ Bxd6 12. exd6 $16) 11. c3 Qa5 12. Nd6+ $14) (9... Bxc2 10. Qd4 (10. Qc1
Qxc1+ 11. Rxc1 Ba4 (11... Bg6 12. O-O Kd7 13. Nd6 Nb4 14. Rb1 a5 15. a3 Bxd6
16. exd6 Bxb1 17. Ne5+ Ke8 18. axb4 Bg6 19. Bb5+ Kd8 20. c6 bxc6 21. Bb6+ Kc8
22. Bxc6 Kb8 23. Bc7+ {1-0 Brochet-Peyrat/Bagneux/2002/}) 12. O-O $14 {
Dukaczewski-Cajzler/Zakopane/2000/} (12. Nd6+ Bxd6 13. cxd6 Nb4 14. Rc7 Nc2+
15. Kd2 Nxe3 16. fxe3 Bd7 17. Rxb7 f6 18. Rc1 fxe5 19. Nxe5 Nf6 20. Nxd7 Ne4+
21. Ke1 Nxd6 22. Rbc7 Rd8 23. Nc5 {1-0 Duppel,M (2455)-Heller,A/Germany 2002}))
10... Qxd4 11. Nfxd4 Ba4 (11... Bg6 {Ivashko-Dolgov/Moscow/1996/} 12. Nd6+ Bxd6
13. cxd6 Nb4 14. Kd2 $16) 12. Nd6+ Bxd6 13. cxd6 $14) 10. Nd6+ $5 Bxd6 11. Bb5+
Kf8 12. Qxc2 Bxc2 13. cxd6 Be4 $18) 9. Qc1 Qxc1+ 10. Rxc1 Bg6 11. Nc7+ Kd7 12.
Nxa8 c4 13. Nh4 Nc6 14. Nxg6 hxg6 15. O-O Bb4 16. Rb1 Kc8 {Black can claim
respectable compensation for the missing rook.} 17. Rfc1 Nge7 18. Bg5 Nf5 19.
Bxc4 dxc4 20. Rxc4 Be7 21. Be3 $14 {0-1 Hansen,S (2564)-Berkes,F (2606)/
Heraklio 2007 (26)}) 8... Qxb1+ {Black does not have a sensible alterantive to
this undesirable exchange of queens.} (8... Qb6 9. dxc5 Bxc5 {1/2-1/2 Palac,M 
(2567)-Vallejo Pons,F (2660)/Heraklio 2007} 10. Bb5+ Kd8 11. Na4 Qa5+ 12. Bd2
Qc7 13. Nxc5 Qxc5 14. Bd3 $16) (8... Qxc3+ 9. Bd2 Qxa1 10. Qxa1 Nc6 11. Qb2 $16
(11. O-O c4 12. Qb2 O-O-O 13. a4 h6 14. Be3 Nge7 15. Nd2 Bg6 16. Nxc4 dxc4 17.
Bxc4 Nd5 18. Be2 Bb4 19. c4 Nxe3 20. fxe3 a5 21. Bf3 Rhe8 22. Qe2 {0-1
Brandenburg,D (2483)-Van Delft,M (2418)/Hilversum 2008 (63)} Nxe5 23. dxe5 Rd2
24. Qe1 Rxg2+ $19)) (8... Qb4 9. a3 Qxb1+ 10. Rxb1 c4 $1 (10... Bxc2 11. Rxb7 (
11. Rb2 Bg6 12. Rxb7 c4 13. Nb5 Na6 14. Bd1 Be7 15. Ba4 Kf8 16. O-O) 11... c4
12. Kd2 Bg6 13. Nb5 $1 (13. Nh4 $36 {/\ Bd1}) 13... Kd8 14. Nh4 $16) 11. Rxb7
Nc6 12. Nb5 Na5 $1 13. Rc7 (13. Rxa7 Rxa7 14. Nxa7 Bxc2 15. Nb5 Ba4 $13) 13...
Rb8 14. Nd6+ Bxd6 15. exd6 $16) 9. Rxb1 c4 {The defence of the queenside will
obviously present Black with huge problems. The main reason is the very low
level of his piece mobilisation.} (9... b6 10. dxc5 (10. Nb5 Na6) 10... bxc5
11. Rb7 d4 (11... a6 12. Na4 Nd7 13. Kd2 $1 d4 14. Bf4 Be4 (14... Rd8) 15. Rxd7
$1 Kxd7 16. Ng5 (16. Nb6+ Kc7 17. Nxa8+ Bxa8 18. Bxa6) 16... Bc6 17. Nb6+ Ke8
18. Nxa8 h6 $4 (18... Bxa8 19. Rb1 $32) 19. Nc7+ Kd7 20. Nxf7 Rh7 21. Nxe6 $1 {
1-0 Berthelot,Y (2309)-Yeremenko,A (2037)/Sautron 2006/ (26)}) 12. Bxd4 (12.
Ng5 $1 Nh6 13. Nb5 dxe3 14. Nc7+ Kd8 15. Nxa8 Nd7 16. f4 (16. O-O exf2+ 17.
Kxf2 $16)) 12... cxd4 13. Nxd4 Nd7 14. Bb5 O-O-O 15. Rxa7 Nb8 16. Nxf5 exf5 17.
Na4 Rd4 18. O-O Ne7 19. c3 Rd2 20. Nb6+ Kd8 21. Nc4 $18 {1-0 Baklan,V (2647)
-Rasmussen,K (2486)/Plovdiv 2008 (36)}) 10. Rxb7 Nc6 (10... Bxc2 11. Kd2 Bg6
12. Nh4 (12. Bd1 Ne7 13. Nb5 Kd8 14. Bc2 Nf5 15. Bxf5 Bxf5 16. Bg5+ f6 17. exf6
Bb4+ 18. Ke3 {1-0 Bolacky,J (2257)-Mlynek,P (2254)/Czechia 2006}) 12... Nc6 13.
Nxg6 hxg6 14. Bd1 $1 $16) 11. Nb5 $1 {[%mdl 4] Everything, that White is
undertaking seems to be very logical. Karjakin is stepping up his initiative
as quickly as possible.} (11. Kd2 Na5 (11... Nd8 12. Rc7) (11... Bb4 12. Rb1
Ba5 13. g4 Bxg4 14. Rxf7 Bxf3 15. Rxf3 Nge7 16. Rg1 Rg8 17. Rh3 Nf5 18. Bg4
Ncxd4 19. Bxd4 Nxd4 20. Kc1 Bxc3 21. Rxc3 Ke7 22. f4 g6 {0-1 Inarkiev,E (2669)
-Eljanov,P (2751)/Astrakhan 2010 (50)}) 12. Rb5 Nc6 13. Nh4 Nge7 14. Rhb1 $14)
(11. Kd1 Rb8 (11... Nge7 12. Nh4 O-O-O 13. Rb1 Bg6 14. g4 Ng8 15. f4 Be7 16.
Nxg6 hxg6 17. Bf3 Bb4 18. Ne2 Ba3 19. c3 Nge7 20. h4 Kc7 21. Bc1 Bxc1 22. Kxc1
$11 {1-0 Mekhitarian,K (2511)-Van Delft,M (2364)/Dieren 2010 (41)}) 12. Rxb8+
Nxb8 13. Nh4 Bg6 14. Na4 Ne7 15. Nxg6 hxg6 16. Kd2 Nf5 17. Bg4 Nc6 18. c3 f6
19. Bxf5 exf5 20. f4 Be7 21. h3 Kd7 22. Rb1 Rb8 23. Rxb8 Nxb8 $11 {1/2-1/2
Quesada Perez,Y (2582)-Khairullin,I (2617)/Havana 2010 (41)}) 11... Nd8 (11...
Rb8 12. Rxb8+ Nxb8 13. Kd2 a6 (13... Nc6 14. Nh4 Bg6 15. Nxg6 hxg6 16. Rb1 Rxh2
17. Nxa7 $16) 14. Na7 $1 Kd7 (14... Bb4+ 15. c3 Be7 16. Nc8 Nc6 17. Nxe7 Ngxe7
18. Nh4 Kd7 19. g4 Be4 20. f3 Bg6 21. Nxg6 hxg6 22. h4 $14) 15. Rb1 Kc7 16. Ng5
Nh6 $2 (16... Bg6 17. Bg4 {/\ Be6} Nc6 18. Bxe6 $1) 17. g4 $1 Bg6 (17... Bxg4
18. Bxg4 Nxg4 19. Nxf7 Nxe3 20. fxe3 Rg8 21. Ng5 $18) (17... Nxg4 18. Bxg4 Bxg4
19. Nxf7 Rg8 20. Nd6 Bxd6 21. exd6+ $18) (17... f6 18. gxf5 fxg5 19. fxe6 $18 {
/\ Bf3}) 18. Kd1 {/\ Bd2-a5} Be7 19. Bd2 Nc6 20. Nxc6 Kxc6 21. h4 {1-0 Bologan,
V (2673)-Palo,D (2510)/Skanderborg 2003/ (33)}) 12. Rc7 (12. Rxa7 Rxa7 13. Nxa7
Bxc2 14. Kd2 Ba4 (14... Bg6 15. Kc3 (15. Bd1 Bb4+) 15... Ne7 16. Nh4 (16. Bd1
Nec6 17. Ba4 Kd7) 16... Nec6 17. Nxg6 hxg6 18. Nxc6 (18. Nb5 Bb4+ 19. Kc2 f6)
18... Nxc6 19. Rb1 Rxh2 20. Rb6 Nd8 21. Bd1 Ba3 22. Ba4+ Kf8 23. Rb8 Be7 24. g3
$16) 15. Rb1 Ne7 16. Rb4 Bd7 17. Rb8 h6 (17... Nec6 18. Nxc6 Bxc6 19. Bg5 Be7
20. Bxe7 Kxe7 21. Kc3 Rf8 22. Bd1) 18. Bd1 $16) (12. Nc7+ Kd7 $19) 12... Rb8 {
It is nearly certain that both players had known what to expect in this line.
Activity from the rook should improve upon the following game, in which Black
did not even manage to survive the opening.} (12... Bxc2 13. Nd6+ Bxd6 14. exd6
f6 15. Bc1 Nf7 16. Kd2 Be4 17. Bd1 Ngh6 18. Ba4+ Kd8 19. Ba3 {1-0 Lastin,A 
(2622)-Korobkov,P (2508)/Maykop 2008}) 13. Nd6+ (13. Nc3 Rb2 14. O-O Ne7 15.
Rb1 Rxb1+ 16. Nxb1 Bxc2 17. Na3 Ba4 18. Rxa7 Bc6 $11) 13... Bxd6 14. exd6 Rb1+
{Eljanov is seizng the moment and benefits from the activity of his pieces.} (
14... Bxc2 15. Bc1 $1 Nf6 16. Re7+ Kf8 17. Ne5 $16) 15. Bd1 Bxc2 16. Kd2 Bxd1
17. Rxd1 Rb6 {At the end of the day the rook will not be able to hold the
b-square. The defender has probably ignored the interesting motif with
elimination of white a pawn at his own peril.} (17... Rb2+ $5 18. Kc3 Rxa2 19.
Rb1 Ra6 20. Bf4 Rb6 21. Rxb6 axb6 22. Kb4 $16) 18. Bf4 Nf6 19. Re7+ Kf8 20.
Rxa7 Ne4+ (20... Rb2+ 21. Kc1 Rxf2 22. Ra8 Ke8 23. Bd2 $18) 21. Kc2 f6 22. h4
Nxf2 23. Rb1 $1 {The exchange of the last strong defensive black piece will
leave the defender with a collection of lonely warriors in different corners
of the world.} Rxb1 24. Kxb1 Ne4 25. a4 Rg8 26. a5 $1 {Karjakin's ambition is
easy to follow - he wants to force the opponent to part with the maximum
ammount of material for the dangerous passed pawns.} Nc6 (26... Nc3+ 27. Kb2
Nb5 28. Rd7 Nc6 29. Rb7 Nba7 30. a6 h6 31. d7 Ke7 32. Bc7 $18) 27. Ra6 Nb8 (
27... Nb4 28. Ra8+ Kf7 29. Rxg8 Kxg8 30. d7 Nc6 31. Bc7 $18) 28. Ra7 (28. Ra8
Kf7 29. a6 Nc6 30. Rxg8 Kxg8 31. d7 Nc3+ 32. Kc1 Nb5 33. Bd6 Kf7 $16) 28... Nc6
29. d7 Nd8 (29... Ke7 30. d8=Q+ $1 Kxd8 31. Ra8+ $18) 30. Kc2 (30. Rc7 Nc3+ 31.
Kc2 Nb5 32. Rc5 $18) 30... Ke7 31. a6 e5 (31... Nd6 32. Rc7 Nb5 33. a7 Nxa7 (
33... Nxc7 34. Bxc7 Nc6 35. d8=Q+ $18) 34. Rxa7 $18) 32. Bc1 (32. Ra8 g5 33.
hxg5 exf4 34. a7 Kxd7 35. Rb8 Nc6 36. Rxg8 Nxa7 37. Rg7+ $18) 32... Kd6 33.
Ba3+ Kc6 34. Ra8 {At the end of the day Black completely failed in his quest
to hold the advancing enemy pawns.} (34. Ra8 exd4 35. Rb8 d3+ 36. Kc1 $18) 1-0

[Event "Wch Blitz 5th"]
[Site "Moscow"]
[Date "2010.11.16"]
[Round "2"]
[White "Andreikin, Dmitry"]
[Black "Karjakin, Sergey"]
[Result "1-0"]
[WhiteElo "2683"]
[BlackElo "2760"]
[Annotator "CB"]
[PlyCount "19"]
[EventDate "2010.11.16"]
[EventType "tourn (blitz)"]
[EventRounds "38"]
[EventCountry "RUS"]
[EventCategory "20"]
[SourceTitle "EXT 2011"]
[Source "ChessBase"]
[SourceDate "2010.11.26"]
[SourceVersion "1"]
[SourceVersionDate "2010.11.26"]
[SourceQuality "1"]

1. c4 e5 2. Nc3 Nc6 3. Nf3 g6 4. d4 exd4 5. Nd5 {Ein nicht ungiftiger Trickzug,
der für Schwarz die eine oder andere Falle bereit hält. Im Blitzen nicht
ganz ungefährlich.} Bg7 (5... Nb4 6. Bg5 f6 7. Bf4 Nxd5 8. cxd5 $13) 6. Bg5
Nge7 $2 (6... Nce7 $1 {Hält das Feld f6 überdeckt} 7. Nxd4 h6 8. Bh4 c6 9.
Nxe7 Nxe7 $11) 7. Nxd4 {Jetzt "hängt" der e7 mit einem Mal.} Bxd4 (7... h6 $4
8. Nxc6 dxc6 9. Bxe7 Qd7 10. Nf6+ $18) (7... f6 8. Bxf6 Bxf6 9. Nxf6+ Kf7 10.
Nxc6 bxc6 11. Ne4 $18) 8. Qxd4 O-O (8... Nxd4 $4 9. Nf6+ Kf8 10. Bh6#) (8... f6
9. Nxf6+ Kf7 10. Qf4 $18) 9. Nf6+ Kh8 10. Ng4+ (10. Ng4+ f6 11. Bxf6+ Rxf6 12.
Qxf6+ Kg8 13. Nh6#) 1-0

[Event "RUS-ch 63rd playoff"]
[Site "Moscow"]
[Date "2010.12.22"]
[Round "2"]
[White "Nepomniachtchi, Ian"]
[Black "Karjakin, Sergey"]
[Result "1/2-1/2"]
[WhiteElo "2720"]
[BlackElo "2760"]
[Annotator "CB"]
[PlyCount "58"]
[EventDate "2010.12.22"]
[EventType "match (rapid)"]
[EventRounds "3"]
[EventCountry "RUS"]
[SourceTitle "CBM 140"]
[Source "ChessBase"]
[SourceDate "2011.01.18"]
[SourceVersion "1"]
[SourceVersionDate "2011.01.18"]
[SourceQuality "1"]

1. e4 e5 2. Nf3 Nc6 3. d4 exd4 4. Nxd4 Nf6 5. Nxc6 bxc6 6. e5 Qe7 7. Qe2 Nd5 8.
c4 Nb6 9. b3 Bb7 10. Bb2 g6 11. Nd2 Bg7 12. Ne4 (12. O-O-O O-O-O 13. f4 c5 14.
Ne4 d6 15. Qg4+ Kb8 16. Qg5 Qf8 17. Nf6 dxe5 18. Be2 Rd6 19. Bxe5 h6 20. Qh4
Ka8 21. Nd5 Nxd5 22. cxd5 g5 23. Qg3 Rg8 24. f5 Bxe5 25. Qxe5 Qe8 26. Qxe8+
Rxe8 {0-1 Ivanchuk,V (2709)-Adams,M (2715)/Frankfurt 2000/CBM 076 ext (44)})
12... O-O-O 13. f4 Rhe8 14. O-O-O {#The players have both castled queenside,
and Black has a slight edge due to the superior development, since all his
pieces are developed, while White still has a bit of work to do.} d5 15. Nd2 c5
16. cxd5 Nxd5 17. g3 f6 18. Nc4 fxe5 19. Nxe5 Bxe5 20. Bxe5 Nc3 21. Bxc3 {
#Ian certainly likes to keep things lively.} Bxh1 22. Bh3+ Kb8 23. Rxd8+ Qxd8
24. Qb5+ Ka8 25. Bd7 Re7 $6 (25... Re3 $1 26. Kb2 Bb7 {And there is no
perpetual now to let White off the hook.} 27. Bc6 Bxc6 28. Qxc6+ Kb8 29. Qb5+
Kc8 30. Qa6+ Kd7 31. Qb5+ c6 32. Qc4 Qe8) 26. Bc6+ Bxc6 27. Qxc6+ Kb8 28. Qb5+
Kc8 29. Qa6+ Kb8 1/2-1/2